000 01091nam2a2200277 4500
001 rc\2914239
005 20110809170234.9
035 _a(NLR Aleph) 007064747
090 _a13593755
_c13593755
100 _a20110809d1943 |||y0rusy50 ca
101 0 _arus
102 _aRU
105 _ay z |||||
200 0 _aВып. 7
_fРед. коллегия: проф. А.И. Ахиезер, доц. Я.Ф. Калабин (отв. ред.), проф. В.А. Малаховский, проф. Мельниченко (зам. отв. ред.) ... [и др.]
210 _d1943
215 _a428 с.
461 0 _1001rc\2914232
_12000#$aУченые записки$eВып. 1-$fКуйбышев. гос. пед. и учительский ин-т им. В.В. Куйбышева$vВып. 7
702 1 _aАхиезер
_bА. И.
_4340
702 1 _aКалабин
_bЯ. Ф.
_4340
702 1 _aМалаховский
_bВ. А.
_4340
702 1 _aМельниченко
_4340
801 0 _aRU
_bNLR
_gpsbo
801 1 _aRU
_bELAR
_2rusmarc
852 _aNLR
_jПр 40 Г-5/8(7)
942 _cBOOK
980 _aNB